[Event "DEM U14 2019"]
[Site "Willingen GER"]
[Date "2019.06.12"]
[Round "5"]
[White "Seng, Alexander"]
[Black "Bornholdt, Joa Max"]
[Result "1-0"]
[Termination "normal"]
[Board "19"]
[WhiteElo "1505"]
[BlackElo "1754"]
[WhiteClock "00:08:02"]
[BlackClock "00:16:54"]
[PlyCount "83"]
[WhiteFideId "16230990"]
[BlackFideId "16253477"]
[EventCountry "GER"]
[EventRounds "9"]
[EventType "swiss"]
[EventDate "2019.06.08"]

1. d4 {[%clk 1:30:57]} 1... Nf6 {[%clk 1:30:59]} 2. c4 {[%clk 1:29:32]} 2... c5
{[%clk 1:31:28]} 3. d5 {[%clk 1:29:26]} 3... b5 {[%clk 1:31:53]} 4. Qc2 { [%clk
1:25:28]} 4... g6 {[%clk 1:31:44]} 5. e4 {[%clk 1:24:34]} 5... d6 { [%clk
1:32:01]} 6. cxb5 {[%clk 1:13:33]} 6... a6 {[%clk 1:30:58]} 7. Nc3 { [%clk
1:12:52]} 7... Bg7 {[%clk 1:31:21]} 8. Nf3 {[%clk 1:08:29]} 8... O-O { [%clk
1:31:03]} 9. Be2 {[%clk 1:07:14]} 9... axb5 {[%clk 1:30:39]} 10. Bxb5 10... Ba6
{[%clk 1:30:40]} 11. O-O {[%clk 1:01:14]} 11... Qc7 {[%clk 1:26:26]} 12. Bxa6
{[%clk 0:51:40]} 12... Nxa6 {[%clk 1:26:50]} 13. a3 {[%clk 0:51:18]} 13... Rfb8
{[%clk 1:22:22]} 14. Rb1 {[%clk 0:46:33]} 14... Nd7 {[%clk 1:17:11]} 15. Bd2
{[%clk 0:44:36]} 15... c4 {[%clk 1:11:29]} 16. Na2 {[%clk 0:40:55]} 16... Nb6
{[%clk 1:05:32]} 17. Bc3 {[%clk 0:38:11]} 17... e5 {[%clk 0:54:53]} 18. Nb4
{[%clk 0:32:31]} 18... Nxb4 {[%clk 0:48:09]} 19. Bxb4 {[%clk 0:32:17]} 19...
Qd7 {[%clk 0:47:48]} 20. Nd2 {[%clk 0:31:20]} 20... Rc8 {[%clk 0:46:08]} 21.
Rfc1 {[%clk 0:24:28]} 21... f5 {[%clk 0:39:31]} 22. f3 {[%clk 0:20:50]} 22...
Bh6 {[%clk 0:38:29]} 23. Qd1 {[%clk 0:20:04]} 23... Be3+ {[%clk 0:37:25]} 24.
Kh1 {[%clk 0:19:32]} 24... f4 {[%clk 0:30:06]} 25. Qe2 {[%clk 0:19:29]} 25...
Bxd2 {[%clk 0:28:22]} 26. Qxd2 {[%clk 0:19:17]} 26... Kf7 {[%clk 0:25:23] } 27.
Rc2 {[%clk 0:17:55]} 27... Ke7 {[%clk 0:24:28]} 28. Rbc1 {[%clk 0:18:09]} 28...
Qa4 {[%clk 0:23:43]} 29. Qf2 {[%clk 0:17:52]} 29... Qa7 {[%clk 0:18:23]} 30.
Qh4+ {[%clk 0:17:23]} 30... Ke8 {[%clk 0:18:53]} 31. Qf6 {[%clk 0:14:31]} 31...
Qf7 {[%clk 0:17:03]} 32. Qxd6 {[%clk 0:14:24]} 32... Nd7 {[%clk 0:17:08]} 33.
Rxc4 {[%clk 0:14:06]} 33... Rxc4 {[%clk 0:16:49]} 34. Rxc4 {[%clk 0:12:28]}
34... Rb8 {[%clk 0:15:20]} 35. Rc7 {[%clk 0:09:39]} 35... Rd8 {[%clk 0:15:13]}
36. Qe6+ {[%clk 0:08:22]} 36... Qxe6 {[%clk 0:15:38]} 37. dxe6 {[%clk 0:08:43]}
37... Nc5 {[%clk 0:15:52]} 38. h3 {[%clk 0:08:10]} 38... Rd1+ {[%clk 0:15:38]}
39. Kh2 {[%clk 0:08:35]} 39... Na6 {[%clk 0:15:57]} 40. Rc8+ {[%clk 0:07:26]}
40... Rd8 {[%clk 0:16:25]} 41. Rxd8+ {[%clk 0:07:38]} 41... Kxd8 { [%clk
0:16:54]} 42. Bd6 {[%clk 0:08:02]} 1-0

[Event "DEM U14 2019"]
[Site "Willingen GER"]
[Date "2019.06.12"]
[Round "5"]
[White "Gutewort, Paul Emil"]
[Black "Wang, Xinyuan"]
[Result "0-1"]
[Termination "normal"]
[Board "20"]
[WhiteElo "1708"]
[BlackElo "1709"]
[WhiteClock "00:37:30"]
[BlackClock "00:38:55"]
[PlyCount "94"]
[WhiteFideId "16204182"]
[BlackFideId "16221494"]
[EventCountry "GER"]
[EventRounds "9"]
[EventType "swiss"]
[EventDate "2019.06.08"]

1. c4 {[%clk 1:30:59]} 1... c5 {[%clk 1:30:50]} 2. g3 {[%clk 1:31:23]} 2... Nc6
{[%clk 1:31:05]} 3. Bg2 {[%clk 1:31:47]} 3... g6 {[%clk 1:31:30]} 4. Nc3 {
[%clk 1:32:12]} 4... Bg7 {[%clk 1:31:53]} 5. a3 {[%clk 1:32:37]} 5... e6 {
[%clk 1:31:00]} 6. Rb1 {[%clk 1:32:56]} 6... Nge7 {[%clk 1:30:34]} 7. e4 {
[%clk 1:32:56]} 7... d5 {[%clk 1:20:37]} 8. d3 {[%clk 1:20:56]} 8... dxc4 {
[%clk 1:17:26]} 9. dxc4 {[%clk 1:21:20]} 9... O-O {[%clk 1:17:38]} 10. Nge2 {
[%clk 1:21:14]} 10... Qxd1+ {[%clk 1:17:46]} 11. Nxd1 {[%clk 1:21:35]} 11...
Ne5 {[%clk 1:18:03]} 12. Ne3 {[%clk 1:21:51]} 12... Nd3+ {[%clk 1:10:39]} 13.
Kf1 {[%clk 1:21:41]} 13... Nc6 {[%clk 1:07:11]} 14. f4 {[%clk 1:20:32]} 14...
Nd4 {[%clk 1:00:03]} 15. Nxd4 {[%clk 1:18:33]} 15... Nxc1 {[%clk 0:59:15]} 16.
Nf3 {[%clk 1:14:06]} 16... Nb3 {[%clk 0:58:38]} 17. Ke2 {[%clk 1:13:25]} 17...
Bd7 {[%clk 0:58:35]} 18. Rhd1 {[%clk 1:13:20]} 18... Ba4 {[%clk 0:58:35]} 19.
Rd3 {[%clk 1:12:27]} 19... Rfd8 {[%clk 0:50:27]} 20. Rxd8+ {[%clk 1:11:52]}
20... Rxd8 {[%clk 0:50:49]} 21. Kf2 {[%clk 1:11:41]} 21... Nd2 {[%clk 0:49:15]}
22. Nxd2 {[%clk 1:08:03]} 22... Rxd2+ {[%clk 0:49:39]} 23. Ke1 {[%clk 1:08:15]}
23... Rxb2 {[%clk 0:49:38]} 24. Rxb2 {[%clk 1:08:23]} 24... Bxb2 { [%clk
0:49:59]} 25. Nd1 {[%clk 1:08:48]} 25... Bxa3 {[%clk 0:49:55]} 26. Nc3 { [%clk
1:09:08]} 26... Bb3 {[%clk 0:48:49]} 27. Bf1 {[%clk 1:08:47]} 27... Bb4 { [%clk
0:49:10]} 28. Kd2 {[%clk 1:09:10]} 28... a5 {[%clk 0:49:10]} 29. Kd3 { [%clk
0:50:17]} 29... a4 {[%clk 0:37:54]} 30. Nb1 {[%clk 0:40:51]} 30... a3 { [%clk
0:36:55]} 31. Nxa3 {[%clk 0:41:14]} 31... Bxa3 {[%clk 0:37:20]} 32. e5 { [%clk
0:41:31]} 32... Ba4 {[%clk 0:36:12]} 33. Bg2 {[%clk 0:39:44]} 33... b5 { [%clk
0:36:11]} 34. cxb5 {[%clk 0:39:41]} 34... Bxb5+ {[%clk 0:36:35]} 35. Kc3 {[%clk
0:39:11]} 35... Bb4+ {[%clk 0:36:57]} 36. Kc2 {[%clk 0:39:07]} 36... c4 {[%clk
0:36:35]} 37. Bf1 {[%clk 0:39:01]} 37... Ba4+ {[%clk 0:36:34]} 38. Kb1 { [%clk
0:38:46]} 38... c3 {[%clk 0:36:54]} 39. Bd3 {[%clk 0:39:01]} 39... c2+ { [%clk
0:36:41]} 40. Bxc2 {[%clk 0:39:23]} 40... Bxc2+ {[%clk 0:37:09]} 41. Kxc2
{[%clk 0:39:47]} 41... Bc5 {[%clk 0:37:37]} 42. Kd3 {[%clk 0:39:43]} 42... Bg1
{[%clk 0:37:59]} 43. Ke4 {[%clk 0:39:58]} 43... Bxh2 {[%clk 0:38:07]} 44. g4 {
[%clk 0:40:24]} 44... h5 {[%clk 0:38:01]} 45. gxh5 {[%clk 0:39:53]} 45... gxh5
{[%clk 0:38:26]} 46. f5 {[%clk 0:39:49]} 46... h4 {[%clk 0:38:31]} 47. fxe6 {
[%clk 0:37:30]} 47... fxe6 {[%clk 0:38:55]} 0-1

[Event "DEM U14 2019"]
[Site "Willingen GER"]
[Date "2019.06.12"]
[Round "5"]
[White "Kolmykov, Egor"]
[Black "Wellßow, Keoki"]
[Result "1-0"]
[Termination "normal"]
[Board "21"]
[WhiteElo "1592"]
[BlackElo "1509"]
[WhiteClock "00:14:19"]
[BlackClock "00:13:55"]
[PlyCount "79"]
[WhiteFideId "16244613"]
[BlackFideId "16251075"]
[EventCountry "GER"]
[EventRounds "9"]
[EventType "swiss"]
[EventDate "2019.06.08"]

1. e4 {[%clk 1:30:57]} 1... g6 {[%clk 1:30:34]} 2. d3 {[%clk 1:31:18]} 2... Bg7
3. g3 3... d6 {[%clk 1:28:59]} 4. f4 {[%clk 1:31:37]} 4... c5 {[%clk 1:27:21]}
5. Bg2 {[%clk 1:31:36]} 5... Qb6 {[%clk 1:25:32]} 6. Nd2 {[%clk 1:30:33]} 6...
Nf6 {[%clk 1:24:08]} 7. Ngf3 {[%clk 1:30:42]} 7... Nc6 {[%clk 1:21:54]} 8. c3 {
[%clk 1:30:41]} 8... Be6 {[%clk 1:20:37]} 9. O-O {[%clk 1:28:26]} 9... Ng4 {
[%clk 1:15:28]} 10. Qe2 {[%clk 1:16:36]} 10... O-O-O {[%clk 1:04:34]} 11. Ng5 {
[%clk 1:14:19]} 11... Nh6 {[%clk 1:01:39]} 12. Nxe6 {[%clk 1:10:11]} 12... fxe6
{[%clk 1:01:58]} 13. Nc4 {[%clk 1:04:34]} 13... Qa6 {[%clk 1:01:14]} 14. Bh3 {
[%clk 1:01:43]} 14... b5 {[%clk 0:53:15]} 15. Bxe6+ {[%clk 1:00:20]} 15... Kc7
{[%clk 0:53:03]} 16. Ne3 {[%clk 1:00:15]} 16... b4 {[%clk 0:48:31]} 17. Bc4 {
[%clk 0:59:32]} 17... Qa5 {[%clk 0:48:21]} 18. Nd5+ {[%clk 0:58:45]} 18... Kd7
{[%clk 0:48:15]} 19. cxb4 {[%clk 0:58:12]} 19... cxb4 {[%clk 0:48:14]} 20. Qg2
{[%clk 0:51:00]} 20... Ng4 {[%clk 0:46:22]} 21. Qh3 {[%clk 0:43:58]} 21... Bd4+
{[%clk 0:44:37]} 22. Kg2 {[%clk 0:43:25]} 22... h5 {[%clk 0:44:23]} 23. Ne3 {
[%clk 0:39:41]} 23... Bxe3 {[%clk 0:44:03]} 24. Bxe3 {[%clk 0:40:10]} 24... Kc7
{[%clk 0:43:58]} 25. Bd2 {[%clk 0:38:59]} 25... Nd4 {[%clk 0:43:30]} 26. Bb3 {
[%clk 0:32:41]} 26... Kb6 {[%clk 0:41:37]} 27. Bd1 {[%clk 0:32:00]} 27... Qb5 {
[%clk 0:39:01]} 28. Bxg4 {[%clk 0:27:01]} 28... hxg4 {[%clk 0:38:48]} 29. Qxg4
{[%clk 0:26:39]} 29... Qxd3 {[%clk 0:38:50]} 30. Rf2 {[%clk 0:24:53]} 30...
Qxe4+ {[%clk 0:38:23]} 31. Kg1 {[%clk 0:24:51]} 31... Rxh2 {[%clk 0:34:13]} 32.
Rxh2 {[%clk 0:21:10]} 32... Nf3+ {[%clk 0:32:19]} 33. Kf2 {[%clk 0:20:12]}
33... Nxh2 {[%clk 0:32:01]} 34. Qe2 {[%clk 0:19:11]} 34... Ng4+ {[%clk 0:22:16]
} 35. Qxg4 {[%clk 0:14:59]} 35... Rh8 {[%clk 0:22:10]} 36. Be3+ {[%clk 0:13:34]
} 36... Kb5 {[%clk 0:16:33]} 37. Qd7+ {[%clk 0:13:33]} 37... Ka6 { [%clk
0:13:19]} 38. Qxa7+ {[%clk 0:13:50]} 38... Kb5 {[%clk 0:13:39]} 39. Qb6+ {[%clk
0:14:06]} 39... Kc4 {[%clk 0:13:55]} 40. Rc1+ {[%clk 0:14:19]} 1-0